000 00777nam a22002297a 4500
005 20250422144758.0
008 250422b |||||||| |||| 00| 0 eng d
020 _a978-1-5036-3684-2 (pbk)
037 _cTB
040 _aAL
_cAL
041 _2eng
_aeng
084 _aV41:M R3
_qAL
100 _aWu, Shellen Xiao
_9752720
245 _aBirth of the geopolitical age:
_bGlobal frontiers and the making of modern China
260 _aStanford, USA:
_bStanford University Press,
_c2023.
300 _axvi, 309p.
365 _b32.00
_cUSD
650 _aChina History
_9752721
650 _aHistory
_9752713
942 _2CC
_cTB
_hV41:M R3
_n0
999 _c1309279
_d1309279